000 00406nam a2200157Ia 4500
008 240729s9999 xx 000 0 und d
022 _a2468-5488
245 0 _aOtolaryngology Case Reports
260 _aNetherlands
260 _bElsevier
650 _a Otorhinolaryngology
650 _aMedicine
856 _uhttps://doaj.org/toc/4f55337e79f947b7816c484d5b8134c1
942 _2ddc
942 _cDOAJEJ
999 _c71392
_d71392
945 _a1
_bMadushi Gamage
_c1
_dMadushi Gamage